| 000 | 02304nam a2200349 i 4500 | ||
|---|---|---|---|
| 001 | 768714001 | ||
| 003 | CO-MdFUSB | ||
| 005 | 20240827093121.0 | ||
| 007 | ta | ||
| 008 | 240601b1983 -us |||| |||| 001 0deng d | ||
| 020 | _a08877843996 | ||
| 040 |
_aCO-MdFUSB _bspa _cCO-MdFUSB _dCO-MdFUSBC _erda |
||
| 041 | _aeng | ||
| 082 |
_223 _a239 _bD998 |
||
| 100 |
_aDyrness, William, _eautor |
||
| 245 | 0 |
_aChristian apologetics in a world community _c/ William Dyrness |
|
| 264 | 1 |
_aIllinois, Estados Unidos : _bInterVarsity Press, _c[1983] |
|
| 264 | 4 | _c©1983 | |
| 300 |
_a197 páginas _c; 21 cm |
||
| 336 |
_2rdacontent _atexto _btxt |
||
| 337 |
_2rdamedia _asin mediación _bn |
||
| 338 |
_2rdacarrier _avolumen _bnc |
||
| 505 |
_tParte uno: Desarrollo de una perspectiva apologética _aIntroducción a la apologética. -- Bosquejo histórico de la apologética. -- Elementos del argumento apologético. -- Marco básico: el cristianismo como proyecto de Dios. |
||
| 505 |
_tParte dos: enfrentando el desafío específico al cristianismo: _aMarcos alternativos al cristianismo. -- ¿Es el cristianismo para todos o sólo para unos pocos? -- Las ciencias empíricas. -- Las ciencias sociales. -- El problema del mal. -- Marxismo. |
||
| 520 | _a"Los cristianos siempre han sentido el deber de explicar y defender su fe, pero en la aldea global de hoy ese deber puede convertirse fácilmente en una carga. ¿Qué pueden decir los cristianos a los hindúes? ¿A los comunistas del tercer mundo? ¿A los agnósticos que estudian ciencias sociales o naturales? Ningún credo o catecismo puede abordar adecuadamente todos los desafíos que enfrenta el cristianismo. Lo que necesitamos es un modelo integral de la fe cristiana, uno que pueda enfrentar desafíos muy variados sin comprometer el evangelio. Después de describir cómo los cristianos han hecho apologética en el pasado, William Dyrness esboza un modelo para una apologética eficaz en el siglo XX. Muestra cómo su modelo se relaciona con varias filosofías no cristianas, así como también cómo aborda muchas preocupaciones cristianas, incluido el problema del sufrimiento". | ||
| 563 | _aRústico | ||
| 650 | 7 |
_aApologética _9187 |
|
| 650 | 7 |
_aCristianismo _922 |
|
| 942 | _cBK | ||
| 945 | _aLuz Peña | ||
| 999 |
_c70033 _d70033 |
||